000
00204 a2200097 4500
001
1475
100
_a
Morrow,L.C
245
_a
Maintenince engg hand book
260
_a
_b
Mcgrawhill
_c
090
_c
1018
_d
1018
942
_a
NUST-CAE
_c
M
_c
203
999
_c
236548
_d
236548